000
00334pab a2200145 454500
008
180718b2004 xxu||||| |||| 00| 0 eng d
100
_a
Gupta, J.K.
245
_a
Approaching good urban governance
260
_c
2004
300
_a
p.1-6.
362
_a
Apr-Jun
650
_a
Urban development
773
_a
Nagarlok
909
_a
62026
999
_c
62026
_d
62026